000 00384pab a2200145 454500
008 180718b2002 xxu||||| |||| 00| 0 eng d
100 _aAlam, Jayanti
245 _aThe other side of globalisation: China's experiments with socialist market economy
260 _c2002
300 _ap.27-30.
362 _a20 Jul
650 _aGlobalization
773 _aMainstream
909 _a53042
999 _c53042
_d53042